関空/紀州路快速の停車駅 - Statistics

General Stats
  • This quiz has been taken 261 times
  • The average score is 32 of 51
Answer Stats
Answer % Correct
天王寺
98%
天王寺
98%
大阪
95%
日根野
91%
新今宮
90%
西九条
89%
福島
88%
和歌山
87%
大阪城公園
86%
弁天町
86%
86%
鶴橋
85%
関西空港
85%
森ノ宮
83%
京橋
83%
大正
83%
堺市
82%
桜ノ宮
81%
りんくうタウン
81%
天満
80%
寺田町
79%
桃谷
78%
三国ヶ丘
78%
和泉府中
77%
玉造
76%
東岸和田
73%
熊取
69%
紀伊
67%
御坊
66%
和泉砂川
62%
海南
59%
山中渓
56%
六十谷
54%
和泉鳥取
53%
紀伊中ノ島
51%
湯浅
50%
箕島
44%
新家
41%
長滝
39%
紀三井寺
38%
広川ビーチ
36%
冷水浦
32%
藤並
31%
宮前
27%
黒江
26%
紀伊由良
25%
加茂郷
18%
初島
18%
紀伊宮原
17%
紀伊内原
17%
下津
16%
No matching quizzes found
Score Distribution
Percent of People with Each Score
Percentile by Number Answered
Your Score History
You have not taken this quiz